Tras el ensayo digital: una aproximación interdisciplinar a la Sociedad de la Información.
Uloženo v:
| Další autoři: | , |
|---|---|
| Médium: | Kniha |
| Jazyk: | španělština |
| Vydáno: |
Valdivia, Chile:
Universidad Austral de Chile,
2015.
|
| Vydání: | Primera edición. |
| Edice: | Colección Austral Universitaria de Ciencias Sociales, Artes y Humanidades
|
| Témata: | |
| Tagy: |
Přidat tag
Žádné tagy, Buďte první, kdo vytvoří štítek k tomuto záznamu!
|
MARC
| LEADER | 00000cam a2200000 a 4500 | ||
|---|---|---|---|
| 001 | UCC5671 | ||
| 003 | CL-VaPUC | ||
| 005 | 20230127113344.0 | ||
| 008 | 181021e20150000cl |||||||||||||||||spa|d | ||
| 999 | |c 372812 |d 372810 | ||
| 020 | |a 9789569412264 | ||
| 040 | |c Pontificia Universidad Católica de Valparaíso | ||
| 082 | 0 | 4 | |a 303.4833 SER 2015 |2 21 |
| 100 | 0 | |a Serrano, Vicente |e editor |9 600012 | |
| 245 | 1 | 0 | |a Tras el ensayo digital: una aproximación interdisciplinar a la Sociedad de la Información. |
| 250 | |a Primera edición. | ||
| 260 | |a Valdivia, Chile: |b Universidad Austral de Chile, |c 2015. | ||
| 300 | |a 242 páginas. | ||
| 490 | 0 | |a Colección Austral Universitaria de Ciencias Sociales, Artes y Humanidades | |
| 500 | |a c.2 -3 Donación (julio 2022) | ||
| 583 | |a last modification |c 20181021 19:29:00 |k Rodrigo Vera | ||
| 650 | 0 | |a Sociedad de la información |9 417579 | |
| 650 | 0 | |a Comunicación digital |9 260754 | |
| 650 | 0 | |a Tecnología de la información |9 254825 | |
| 700 | 0 | |a Salvat, Guiomar |e editor |9 600013 | |
| 942 | |c BK |2 ddc | ||
| 945 | |d 20181021 19:29:00 |a dcastane | ||
| 952 | |0 0 |1 0 |3 erb |4 0 |6 303_483300000000000_SER_2015 |7 0 |8 A |9 490666 |a BIBCUR |b BIBCUR |i 5509629 |o 303.4833 SER 2015 |p 5509629 |r 2025-04-22 |w 2019-11-24 |y BK |z Catalogado en:20181021 |k PER | ||
| 952 | |0 0 |1 0 |2 ddc |4 0 |6 303_483300000000000_SER_2015 |7 0 |8 A |9 587629 |a BIBCUR |b BIBCUR |c GEN |d 2022-11-09 |e Donación |i 5655509 |o 303.4833 SER 2015 |p 5655509 |r 2025-04-22 |t 2 |w 2022-11-09 |y BK |k PER | ||
| 952 | |0 0 |1 0 |2 ddc |4 0 |6 303_483300000000000_SER_2015 |7 0 |8 A |9 588784 |a BIBCUR |b BIBCUR |c GEN |d 2023-01-27 |e Donación |i 5656536 |o 303.4833 SER 2015 |p 5656536 |r 2025-04-22 |t 3 |w 2023-01-27 |y BK |k PER | ||